000 nam a22 7a 4500
999 _c233710
_d233710
003 Nust
005 20170310112021.0
008 170310b xxu||||| |||| 00| 0 eng d
040 _c0
050 _a500 KER
082 _a500 KER
100 _aChristoph Kern
245 _aSpectroscopic Measurements Of Volccanic Gas Emissions In The Ultra-Violet Wavelength Region
_cChristoph Kern
260 _aHeidelberg, Germany
_bNatural Sciences and For Mathematics Ruperto-Carola University,IESE (SCEE) NUST
_c2009.
300 _a318 p.
_bHB.
440 _aPhD Natural Science
500 _aThesis PhD NS
650 _aNatural Sciences
700 _4Dr.Ulrich Platt (Supervisor)
942 _2ddc
_cTHE
_kIESE